| 000 | 01413nac a22002891u 4500 | ||
|---|---|---|---|
| 010 | _a 95018791 | ||
| 020 | _a078790113X (acid-free) | ||
| 082 | 0 | 0 |
_a658.4063 _bAs356 |
| 090 |
_c2517 _d2517 |
||
| 100 | _a20080729 | ||
| 245 | 0 | 4 |
_aThe boundaryless organization : breaking the chains of organizational structure _bbreaking the chains of organizational structure / _cRon Ashkenas ... [et al.] ; forewords by C. K. Prahalad and Lawrence A. Bossidy. |
| 260 |
_aSan Francisco : _bJossey-Bass Publishers,1995 _c1995. |
||
| 300 |
_axxxii, 364 p. : _bill. ; _c24 cm. |
||
| 440 | 4 | _aThe Jossey-Bass management series | |
| 500 | _aShuaa. | ||
| 504 | _aIncludes bibliographical references (p. 349-355) and index. | ||
| 650 | 0 | _aOrganizational change. | |
| 650 | 0 | _aIndustrial organization. | |
| 650 | 0 | _aInterorganizational relations. | |
| 650 | 0 | _aPartnership. | |
| 700 | 1 | _aAshkenas, Ronald N. | |
| 856 | 4 |
_3Table of Contents _uhttp://www.loc.gov/catdir/toc/onix07/95018791.html |
|
| 856 | 4 |
_3Contributor biographical information _uhttp://www.loc.gov/catdir/enhancements/fy0707/95018791-b.html |
|
| 856 | 4 |
_3Publisher description _uhttp://www.loc.gov/catdir/enhancements/fy0707/95018791-d.html |
|
| 942 |
_cBB _k658.4063As356 |
||
| 999 |
_c2517 _d2517 |
||